A new floor at Fleet Building , Farringdon Street, London EC4 (Record no. 4014)

MARC details
000 -LEADER
fixed length control field 01054cab a2200205 4500
001 - CONTROL NUMBER
control field ABS37786
008 - FIXED-LENGTH DATA ELEMENTS--GENERAL INFORMATION
fixed length control field 090401t1987 xxu||||| |||| 00| 0 eng d
035 ## - SYSTEM CONTROL NUMBER
System control number (Sirsi) u6740
041 ## - LANGUAGE CODE
Language code of text/sound track or separate title eng
100 ## - MAIN ENTRY--PERSONAL NAME
Personal name Vesey, D.
245 #2 - TITLE STATEMENT
Title A new floor at Fleet Building , Farringdon Street, London EC4
260 ## - PUBLICATION, DISTRIBUTION, ETC.
Date of publication, distribution, etc. 1987
350 ## - PRICE (NR) (BK AM CF MU VM SE) [OBSOLETE]
Price 0
490 ## - SERIES STATEMENT
Series statement Structural Engineer
Volume/sequential designation 65A(6) June 1987, 225-230(6)
520 ## - SUMMARY, ETC.
Summary, etc. This paper describes the design and construction of a new floor within an existing telephone exchange . Appraisal of the loads already carried by the structure showed parts of the building had little reserves of strength. Consequently, it was necessary to develop a novel design and construction method. Refurbishment of part of a building without disrupting normal activities requires particular attention to the planning stage and therefore to the design solution insofar as it affects construction. Figures. Photos.
650 ## - SUBJECT ADDED ENTRY--TOPICAL TERM
Topical term or geographic name entry element STRUCTURAL DESIGN
690 ## - LOCAL SUBJECT ADDED ENTRY--TOPICAL TERM (OCLC, RLIN)
Topical term or geographic name as entry element BUILT ENVIRONMENT-CONSTRUCTION DESIGN
942 ## - ADDED ENTRY ELEMENTS (KOHA)
Suppress in OPAC 0
948 ## - LOCAL PROCESSING INFORMATION (OCLC); SERIES PART DESIGNATOR (RLIN)
c (OCLC) 04/03/1997
Holdings
Withdrawn status Lost status Source of classification or shelving scheme Damaged status Not for loan Home library Current library Shelving location Date acquired Total Checkouts Full call number Barcode Date last seen Copy number Price effective from Koha item type
    Dewey Decimal Classification     London London Journal article 14/09/1999   ABS37786 6740-1001 06/08/2019 1 06/08/2019 Journal article